|
|
|
|
| LEADER |
01223nam a2200313 a 4500 |
| 001 |
000446949 |
| 003 |
CZ BrMZK |
| 005 |
20110801212338.0 |
| 007 |
ta |
| 008 |
990307s1979 xr a f cze d |
| 015 |
|
|
|a cnb000134105
|
| 035 |
|
|
|a (OCoLC)40083073
|
| 040 |
|
|
|a BOA001
|b cze
|
| 041 |
1 |
|
|a cze
|h rus
|
| 100 |
1 |
|
|a Lermontov, Michail Jur‘jevič,
|d 1814-1841
|7 jn19990210374
|4 aut
|
| 245 |
1 |
0 |
|a Strážný zvon :
|b (výbor z veršů) /
|c Michail Jurjevič Lermontov ; vybrala, přel. a poznámky naps. Hana Vrbová ; ilustr. Eva Bednářová ; doslov naps. Jaroslav Žák
|
| 250 |
|
|
|a 1. vyd.
|
| 260 |
|
|
|a Praha :
|b Albatros,
|c 1979
|
| 300 |
|
|
|a 249 s.
|
| 490 |
1 |
|
|a Zlatoroh
|
| 500 |
|
|
|a Přeloženo z ruštiny
|
| 521 |
1 |
|
|a Pro čtenáře od 12 let
|
| 830 |
|
0 |
|a Zlatoroh (Albatros)
|0 s
|
| 856 |
4 |
1 |
|u http://www.digitalniknihovna.cz/mzk/uuid/uuid:51217c00-b427-11e3-b833-005056827e52
|y Digitalizovaný dokument
|x NDK
|
| 910 |
|
|
|a BOA001
|b PK-0086.872
|b 2-0812.791
|
| 920 |
|
|
|a 000107509
|
| 990 |
|
|
|a BK
|
| 996 |
7 |
|
|b 2619999026
|c 2-0812.791
|l MZK
|r Sklad / do 1 hodiny
|n 4
|w 000446949
|u 000020
|a 1
|e BOA001
|j MZK50
|s A
|
| 996 |
7 |
|
|b 3119830015
|c PK-0086.872
|l MZK
|r Sklad / do 1 hodiny
|n 2
|w 000446949
|u 000010
|a 1
|e BOA001
|j MZK50
|s A
|